Español: sugerencias para su enseñanza, primer grado

Bewaard in:
Bibliografische gegevens
Hoofdauteurs: Gómez Palacio Muñoz, Margarita (Auteur), Díaz Aguilar, Ana Rosa (Auteur), Gómez García, María Elisa (Auteur), González Guerrero, Laura V (Auteur), Rodríguez Sánchez, Beatriz (Auteur)
Formaat: Boek
Taal:Spaans
Gepubliceerd in: Ciudad de México SEP 1995
Onderwerpen:
Tags: Voeg label toe
Geen labels, Wees de eerste die dit record labelt!

MARC

LEADER 00000nam a2200000 a 4500
001 UCO8931
003 CL-VaPUC
008 010112e19950000MX |||||||||||||||||spa|d
082 0 4 |a 372.4  |b GOM  |2 21 
100 |a Gómez Palacio Muñoz, Margarita  |e author  |9 453883 
700 0 |a Díaz Aguilar, Ana Rosa  |e author  |9 453884 
700 0 |a Gómez García, María Elisa  |e author  |9 453885 
700 |a González Guerrero, Laura V  |e author  |9 453907 
700 0 |a Rodríguez Sánchez, Beatriz  |e author  |9 453887 
245 1 0 |a Español: sugerencias para su enseñanza, primer grado 
300 |a 92 p 
942 |c BK 
945 |d 20010112 00:00:00  |a cmena 
260 |a Ciudad de México  |b SEP  |c 1995 
650 7 |a LENGUAJE ESPAÑOL  |2 CL-VaPUC  |9 453888 
650 0 |a Enseñanza de la lectura  |9 308364 
650 0 |a Educación básica   |9 224933 
650 0 |a Educación lingüística  |9 306506 
650 0 |a Métodos de enseñanza  |9 270413 
583 |a last modification  |c 20010112 00:00:00  |k Rodrigo Vera 
999 |c 293347  |d 293345 
952 |0 0  |1 0  |4 0  |6 372_400000000000000_GOM_1995  |7 0  |8 A  |9 344821  |a BIBEDU  |b BIBEDU  |c ES_NOD  |d 2019-11-20  |i 3683192  |o 372.4 GOM 1995  |p 3683192  |r 2023-08-09  |w 2019-11-20  |y BK  |k EDU